00987nam a22002417a 4500001001000000003000500010005001700015008004100032010001100073011001100084035001100095040000900106100003800115245019400153260004100347500006000388502012600448650003700574650002200611650002000633650002800653856006400681000107564CHAP20220329143935.0121005s2012 mx r 00010 spa d a104026 a104998 a115689 cCHAP1 aRosa Mejía, Magda Karina de la.10aFormulación y evaluación de un proyecto de industrialización de mango (Manguifera indica L.) en el Municipio de la Huerta, Jaliscoh[En línea]c/por Magda Karina de la Rosa Mejía. aChapingo, Méx. :bEl autor,c2012. aPara ver el contenido del material haga clic en la liga aTesis (Ing. Agrónomo Especialista en Economía Agrícola) -- UACH. División de Ciencias Económico Administrativas14aMangoxImplementos y maquinaria.14aMangoxIndustria.14aMangoxJalisco.14aProyectos industriales. 3Finding aiduhttp://10.13.5.2/tesis/115689.pdfzTeclea aqui